Beiträge zur Jugendkunde

Gespeichert in:  
Bibliographische Detailangaben
Medienart: Druck Schriftenreihe/Zeitschrift
Sprache:Deutsch
Veröffentlicht: Wien München Österr. Bundesverl. für Unterricht, Wissenschaft u. Kunst 1967-1973
In:Jahr: 1967
Verfügbarkeit prüfen: HBZ Gateway
Bände / Aufsätze:Bände / Aufsätze anzeigen.
Schlagwörter:

MARC

LEADER 00000cas a2200000 c 4500
001 214062309
003 DE-627
005 20250604135645.0
007 tu
008 960815d19671973au z| m| 0 |0ger c
016 7 |a 018344542  |2 DE-101 
016 7 |a 1332136-5  |2 DE-600 
035 |a (DE-627)214062309 
035 |a (DE-576)001141597 
035 |a (DE-599)ZDB1332136-5 
035 |a (OCoLC)1367988458 
040 |a DE-627  |b ger  |c DE-627  |e rakwb 
041 |a ger 
044 |c XA-AT 
082 0 4 |a 300  |q DE-600 
245 0 0 |a Beiträge zur Jugendkunde 
264 3 1 |a Wien  |a München  |b Österr. Bundesverl. für Unterricht, Wissenschaft u. Kunst  |c 1967-1973 
336 |a Text  |b txt  |2 rdacontent 
337 |a ohne Hilfsmittel zu benutzen  |b n  |2 rdamedia 
338 |a Band  |b nc  |2 rdacarrier 
362 0 |a 11.1967 - 16.1973 nachgewiesen 
363 0 0 |a 11  |i 1967 
363 1 0 |a 16  |i 1973 
655 7 |a Monografische Reihe  |0 (DE-588)4179998-7  |0 (DE-627)104628669  |0 (DE-576)209995106  |2 gnd-content 
889 |w (DE-603)03275941X 
889 |w (DE-576)468360433 
889 |w (DE-627)1871382491 
935 |i sdedup20221104 
951 |a ST 
ELC |b 1 
LOK |0 000 xxxxxcx a22 zn 4500 
LOK |0 001 2008138321 
LOK |0 003 DE-627 
LOK |0 004 214062309 
LOK |0 005 19990604000000 
LOK |0 008 990604||||||||||||||||ger||||||| 
LOK |0 040   |a DE-21  |c DE-627  |d DE-21 
LOK |0 852   |a DE-21 
LOK |0 852 1  |9 00 
LOK |0 935   |a kram  |a konv 
LOK |0 939   |a 04-06-99  |b l01 
LOK |0 000 xxxxxcx a22 zn 4500 
LOK |0 001 200813833X 
LOK |0 003 DE-627 
LOK |0 004 214062309 
LOK |0 005 20010208000000 
LOK |0 008 010208||||||||||||||||ger||||||| 
LOK |0 040   |a DE-21-110  |c DE-627  |d DE-21-110 
LOK |0 852   |a DE-21-110 
LOK |0 852 1  |m p  |9 00 
LOK |0 935   |a k110 
LOK |0 938   |k p 
LOK |0 939   |a 08-02-01  |b l01 
LOK |0 000 xxxxxcx a22 zn 4500 
LOK |0 001 2008138348 
LOK |0 003 DE-627 
LOK |0 004 214062309 
LOK |0 005 20050425000000 
LOK |0 008 050425||||||||||||||||ger||||||| 
LOK |0 040   |a DE-21-37  |c DE-627  |d DE-21-37 
LOK |0 852   |a DE-21-37 
LOK |0 852 1  |m p  |9 00 
LOK |0 938   |k p 
LOK |0 939   |a 25-04-05  |b l01 
LOK |0 000 xxxxxcx a22 zn 4500 
LOK |0 001 2008138356 
LOK |0 003 DE-627 
LOK |0 004 214062309 
LOK |0 005 20041122000000 
LOK |0 008 030207||||||||||||||||ger||||||| 
LOK |0 040   |a DE-21-51  |c DE-627  |d DE-21-51 
LOK |0 852   |a DE-21-51 
LOK |0 852 1  |m p  |9 00 
LOK |0 935   |a gesa  |a k051 
LOK |0 938   |k p 
LOK |0 939   |a 07-02-03  |b l01 
LOK |0 000 xxxxxcx a22 zn 4500 
LOK |0 001 2562249941 
LOK |0 003 DE-627 
LOK |0 004 214062309 
LOK |0 005 20080131152627 
LOK |0 008 080131||||||||||||||||ger||||||| 
LOK |0 040   |a DE-21-43  |c DE-627  |d DE-21-43 
LOK |0 852   |a DE-21-43 
LOK |0 852 1  |m p  |9 00 
LOK |0 935   |a k043  |a kneu 
LOK |0 938   |k p 
LOK |0 939   |a 31-01-08  |b l01 
LOK |0 000 xxxxxcx a22 zn 4500 
LOK |0 001 2626766542 
LOK |0 003 DE-627 
LOK |0 004 214062309 
LOK |0 005 20100302093322 
LOK |0 008 100302||||||||||||||||ger||||||| 
LOK |0 040   |a DE-21-52  |c DE-627  |d DE-21-52 
LOK |0 852   |a DE-21-52 
LOK |0 852 1  |m p  |9 00 
LOK |0 938   |k p 
LOK |0 939   |a 02-03-10  |b l01 
LOK |0 000 xxxxxcx a22 zn 4500 
LOK |0 001 2993812785 
LOK |0 003 DE-627 
LOK |0 004 214062309 
LOK |0 005 20180124153354 
LOK |0 008 180124||||||||||||||||ger||||||| 
LOK |0 040   |a DE-Frei85  |c DE-627  |d DE-Frei85 
LOK |0 852   |a DE-Frei85 
LOK |0 852 1  |m p  |9 00 
LOK |0 938   |k p 
LOK |0 939   |a 24-01-18  |b l01 
ORI |a WA-MARC-krimdokb001.raw 
SPR |a 1  |t KRI